000 00559nam a22001937a 4500
003 OSt
005 20160707184821.0
008 160707b xxu||||| |||| 00| 0 eng d
020 _a0750630841
040 _cDNLM.
082 _aWL704P153 1996.
100 _aWells,E.Peter;Frampton,Victoria;Bowsher,David;
_910077
245 _aPain Management By Physiotherapy.
260 _aOxford.
_bButterworh Heinemann.
_c1996.
300 _a326p;
_bill;
_c25cm.
504 _aincludes references and bibliography.
650 _aPhysiotherapy.
_91959
942 _2z
_cO_SHELF
999 _c4682
_d4682